| 000 | 00416nam a22001697a 4500 | ||
|---|---|---|---|
| 005 | 20180703162913.0 | ||
| 008 | 160524b xxu||||| |||| 00| 0 eng d | ||
| 020 | _a978-81-7194-540-7 | ||
| 041 | _aeng | ||
| 082 |
_b4723 _a658.15 |
||
| 100 |
_aKishore, Ravi M. _91159 |
||
| 245 | _aFinancial Management | ||
| 260 |
_aNew Delhi _bAcademic Faundation |
||
| 300 | _a1018p, | ||
| 650 |
_aManagement _9241 |
||
| 942 | _cBK | ||
| 999 |
_c1595 _d1594 |
||